000
00305nam a2200133Ia 4500
008
191201s2006 xx 000 0 und d
100
_a
FRENCH,Wendell
245
0
_a
Organization Development
250
_a
IMP 8th
260
_a
N.Delhi
_b
Pearson
_c
2006
300
_a
236
650
_a
MBA
942
_2
ddc
_c
BK
999
_c
4146
_d
4146